Industrial Marketing (Record no. 1936)

MARC details
000 -LEADER
fixed length control field 00411nam a22001697a 4500
005 - DATE AND TIME OF LATEST TRANSACTION
control field 20160527112141.0
008 - FIXED-LENGTH DATA ELEMENTS--GENERAL INFORMATION
fixed length control field 160527b xxu||||| |||| 00| 0 eng d
020 ## - INTERNATIONAL STANDARD BOOK NUMBER
ISBN 0-07-058840-6
041 ## - LANGUAGE CODE
Language code of text/sound track or separate title eng
082 ## - DEWEY DECIMAL CLASSIFICATION NUMBER
Item number 5440
100 ## - MAIN ENTRY--AUTHOR NAME
Personal name Havaldar, Krishna K.
245 ## - TITLE STATEMENT
Title Industrial Marketing
260 ## - PUBLICATION, DISTRIBUTION, ETC. (IMPRINT)
Place of publication New Delhi
Name of publisher Academic Faundation
Year of publication 2006
300 ## - PHYSICAL DESCRIPTION
Number of Pages 367
650 ## - SUBJECT ADDED ENTRY--TOPICAL TERM
Topical Term Management
942 ## - ADDED ENTRY ELEMENTS (KOHA)
Koha item type Books
Holdings
Lost status Damaged status Collection code Home library Current library Shelving location Date acquired Full call number Accession Number Koha item type
    MANAGEMENT JRU Library JRU Library SHELF -72- G 27/05/2016 658.8 5440 Books
    MANAGEMENT JRU Library JRU Library SHELF -72- G 27/05/2016 658.8 5441 Books
    Reference JRU Library   SHELF-29-F 27/05/2016 5440 5442 Books
    MANAGEMENT JRU Library JRU Library SHELF -72- G 27/05/2016 5440 5443 Books
    MANAGEMENT JRU Library JRU Library SHELF -72- G 27/05/2016 5440 5444 Books
    MANAGEMENT JRU Library JRU Library SHELF -72- G 27/05/2016 5440 5445 Books
      JRU Library   SHELF -72- G 27/05/2016 5440 5446 Books
    MANAGEMENT JRU Library JRU Library SHELF -72- G 27/05/2016 5440 5447 Books
    MANAGEMENT JRU Library JRU Library SHELF -72- G 27/05/2016 5440 5448 Books
    MANAGEMENT JRU Library JRU Library SHELF -72- G 27/05/2016 5440 5449 Books